| 000 | 01090nam a22002177a 4500 | ||
|---|---|---|---|
| 005 | 20220426115543.0 | ||
| 008 | 220303b ||||| |||| 00| 0 eng d | ||
| 020 | _a978-9327220698 | ||
| 040 | _cAL | ||
| 041 | _aeng | ||
| 082 |
_223 _a307.1412 _bMONT |
||
| 100 |
_aSagar Mondal _922455 |
||
| 245 | _aTextbook on rural development entrepreneurship and communication skills | ||
| 260 |
_aNew Delhi _bKalyani Publishers _c2007 |
||
| 300 |
_a551p. _bPB _c24x17cm. |
||
| 365 |
_2General _aMLSH21CRB339/20-02-2022 _b₹260.00 _c₹ _d₹325.00 _e20% _f20-02-20222 |
||
| 520 | _aRural development; development programmes i India; approaches to rural development in India; rural development programmes and strategy in India; programmes for agricultural development; programmes in horiculture forestry and sericulture for rural development; programmes in animal husbandry dairy veterinary and fishery for rural development; programmes for promoting health nutrition family welfare and education. | ||
| 650 |
_2Communities _aRural Development _930778 |
||
| 700 |
_aRay G L _922456 |
||
| 942 |
_2ddc _cBK |
||
| 999 |
_c221674 _d221674 |
||